Directory of industrial establishments, 1955. (Record no. 77798)

MARC details
000 -LEADER
fixed length control field 00551cam a22002051 4500
001 - CONTROL NUMBER
control field sa 68001209
003 - CONTROL NUMBER IDENTIFIER
control field DLC
005 - DATE AND TIME OF LATEST TRANSACTION
control field 20260227112431.0
008 - FIXED-LENGTH DATA ELEMENTS--GENERAL INFORMATION
fixed length control field 710903s1955 ce r 000 0 eng
010 ## - LIBRARY OF CONGRESS CONTROL NUMBER
LC control number sa 68001209
040 ## - CATALOGING SOURCE
Original cataloging agency DLC
Transcribing agency DLC
Modifying agency DLC
043 ## - GEOGRAPHIC AREA CODE
Geographic area code a-ce---
050 00 - LIBRARY OF CONGRESS CALL NUMBER
Classification number HC424
Item number .A46
110 1# - MAIN ENTRY--CORPORATE NAME
Corporate name or jurisdiction name as entry element Ceylon.
Subordinate unit Department of Industries.
245 10 - TITLE STATEMENT
Title Directory of industrial establishments, 1955.
260 ## - PUBLICATION, DISTRIBUTION, ETC.
Place of publication, distribution, etc. [Colombo,
Date of publication, distribution, etc. 1955]
300 ## - PHYSICAL DESCRIPTION
Extent vi, 120 p.
Dimensions 25 cm.
500 ## - GENERAL NOTE
General note Cover title.
650 #0 - SUBJECT ADDED ENTRY--TOPICAL TERM
Topical term or geographic name entry element Industries
Geographic subdivision Sri Lanka
General subdivision Directories.

No items available.

Powered by Koha